000
00213nam a2200109Ia 4500
100
_a
#N/A
490
_v
III & NO.1
942
_c
BK
245
_a
ELECTRONICS FOR YOU OCT.2007
260
_b
#N/A
546
_a
ENGLISH
999
_c
20303
_d
20303